000 00344nam a2200133Ia 4500
008 240624s9999 xx 000 0 und d
041 _aeng
082 _a650.142 YAT
100 _aYATE MARTIN
245 _aULTIMATE CV BOOK WRITE THE PERFECT CV AN
260 _c2004
_aNew Delhi
_bKogan Page
300 _aiv, : 252 : p. : cm. ; 24
365 _cRS
999 _c3156
_d3156